Propuesta para la creación de un banco obrero en Costa Rica /
Bewaard in:
| Hoofdauteur: | |
|---|---|
| Formaat: | Texto |
| Tags: |
Voeg label toe
Geen labels, Wees de eerste die dit record labelt!
|
MARC
| LEADER | 00000 a a2200000 04500 | ||
|---|---|---|---|
| 001 | 3081 | ||
| 003 | |||
| 040 | |||
| 100 | |a Lizano Fait, Eduardo | ||
| 245 | |a Propuesta para la creación de un banco obrero en Costa Rica / |c Eduardo Lizano Fait | ||
| 773 | |g volumen 4, número 2; páginas 59-65 | ||
| 999 | |c 29248 |d 29248 | ||
